Európska spoločnosť bakalárska práca

Enregistré dans:
Détails bibliographiques
Auteur principal: Kadlíčková, Jana
Collectivité auteur: Obchodná fakulta EU. Katedra obchodného práva
Autres auteurs: Vačoková, Lenka, 1983-
Format: Livre
Langue:slovaque
Publié: Bratislava 2011
Tags: Ajouter un tag
Pas de tags, Soyez le premier à ajouter un tag!

MARC

LEADER 00000nam a2200000 4500
001 0151478
005 20240320072019.1
041 0 |a slo 
044 |a SK 
245 1 0 |a Európska spoločnosť  |b bakalárska práca  |c Jana Kadlíčková ; školiteľ: Lenka Vačoková 
264 1 |a Bratislava  |c 2011 
300 |a 54 s. 
100 1 |a Kadlíčková, Jana 
700 1 |a Vačoková, Lenka, 1983- 
710 2 |a Obchodná fakulta EU. Katedra obchodného práva